|
|
|
|
| LEADER |
01645nam a2200361 a 4500 |
| 001 |
13777740 |
| 008 |
091103s2004 bg a b 001 0 eng d |
| 010 |
|
|
|a \\2004329446
|
| 020 |
|
|
|a 9848120475
|
| 040 |
|
|
|a DLC
|c DLC
|d DLC
|
| 082 |
0 |
0 |
|a 336.3/435/091724
|2 22
|
| 100 |
1 |
|
|a Bhattacharya, Debapriya.
|
| 245 |
1 |
0 |
|a Globalisation and the LDCs :
|b perspectives from the Asia-Pacific region /
|c Debapriya Bhattacharya, Mustafizur Rahman, Rehman Sobhan.
|
| 246 |
3 |
|
|a Globalisation and the least development countries
|
| 260 |
|
|
|a Dhaka :
|b Pathak Shamabesh,
|c 2004.
|
| 300 |
|
|
|a 273 p. :
|b ill. ;
|c 22 cm.
|
| 500 |
|
|
|a "Centre for Policy Dialogue, Bangladesh."
|
| 504 |
|
|
|a Includes bibliographical references and index.
|
| 541 |
1 |
|
|e 00014363
|
| 650 |
|
0 |
|a Investments, Foreign
|z Developing countries.
|
| 650 |
|
0 |
|a Investments, Foreign
|z Asia.
|
| 650 |
|
0 |
|a Investments, Foreign
|z Pacific Area.
|
| 650 |
|
0 |
|a Globalization.
|
| 610 |
2 |
0 |
|a World Trade Organization
|z Developing countries.
|
| 610 |
2 |
0 |
|a World Trade Organization
|z Asia.
|
| 610 |
2 |
0 |
|a World Trade Organization
|z Pacific Area.
|
| 700 |
0 |
|
|a Mustafizur Rahman,
|d 1955-
|
| 700 |
1 |
|
|a Sobhan, Rehman.
|
| 710 |
2 |
|
|a Centre for Policy Dialogue (Bangladesh)
|
| 852 |
4 |
|
|a Ayesha Abed Library
|j General shelf
|
| 999 |
|
|
|c 5092
|d 5092
|
| 952 |
|
|
|0 0
|1 0
|2 ddc
|4 0
|6 336_343509172400000_BHA_2004
|7 0
|9 4945
|a BRACUL
|b BRACUL
|c GEN
|d 2009-11-04
|g 468.00
|l 1
|m 5
|o 336.3435091724 BHA
|p 3010014363
|r 2013-04-27
|s 2013-03-16
|t 1
|w 2009-11-04
|y BK
|
| 952 |
|
|
|0 0
|1 0
|2 ddc
|4 0
|6 336_300000000000000_435_091724_BHA
|7 0
|9 42995
|a SCL
|b SCL
|c GEN
|d 2005-03-05
|g 495.00
|l 0
|o 336.3435091724 BHA
|p 3020005309
|r 2014-07-08
|t 2
|w 2014-07-08
|y BK
|